Peter Griffin or Patrick Star Quiz Stats

 Plays Quiz Updated Feb 19, 2019

Support Sporcle.
Go Orange.
Score 0/30 Timer 05:00
2 Plays Today
Quote Griffin(G) or Star (S) % Correct
All right, all right, make like Siamese twins and split. And then one of you die.???
79.4%
Whoa, whoa, whoa, whoa, whoa, whoa, whoa, whoa, whoa, whoa, whoa, whoa. (Friend), this isn't my Batman glass.???
77.5%
They look at me and see a loser. Except that guy with the lazy eye... He sees a loser and a snack machine.???
76.6%
Is mayonnaise an instrument????
75.3%
I guess I'll have fries...if I have fries is anyone else gonna have any? Cuz, uh I don't wanna be the only one eatin' them... I'll feel like a fatty.???
75%
I can't see my forehead.???
74.3%
I've been selling buttscratchers. Buttscratcher?!???
72.2%
C'mon, you know, I wumbo, you wumbo, he, she, me, wumbo. Wumbo, wumboing, Wilhem B. Wumbo, Wumbowama Wumbology. The study of wumbo, it's first grade (friend).???
70.8%
I turned the stairs into a waterslide!???
70.5%
Everything I say is a lie. Except that. And that. And that. And that. And that. And that. And that. And that.???
70.5%
Since you're half a man already, that splits them into some kind of fraction I can't even measure.???
70.4%
We're not talking about some dumb mail fraud scheme or hijacking here, WE STOLE A BALLOON!???
68.7%
Things always work out if you just do whatever you want without thinking about the consequences.???
66.7%
Now I may be an idiot, but there is one thing I am not, sir, and that, sir, is an idiot.???
66.6%
I am so not competitive. In fact, I am the least non-competitive. So I win.???
66%
Quote Griffin(G) or Star (S) % Correct
Since when did they change the meaning of 'for' to 'from'.???
65.9%
You know, it’s not as easy as it looks. Sometimes I gotta move the antenna, sometimes I lose the remote, and sometimes my butt itches real bad.???
61.6%
The inner mechanations of my mind are an enigma.???
61.5%
I got an idea, an idea so smart my head would explode if I even began to know what I was talking about.???
61.1%
If I was a mom, this would be kind of shocking. Just call me Daddy!???
59.3%
Pretty good, (friend), but it's lacking basic construction, and your perspective leaves a lot to be desired.???
57.5%
Could you move it along? I'm all out of time cards.???
55.7%
What street said that? Was it this one? Mind your own business!???
54.1%
Whoever's the owner of the white sedan, you left your lights on!???
54%
Hmm...I've got it! Let's get naked!???
51.5%
Do you accept bits of string????
48.5%
I had no idea they had a hot tub!???
47.4%
I thought the Corps would help me straighten out my life sir!???
47.1%
It would take more than some masking tape to fix that guy.???
46.8%
You'll have to compress your body to the size of an ordinary household sponge and slide underneath like some kind of weird amphibious dolphin.???
44.8%

From the Vault

British Monarchs Minefield

by gaydog

History 10m
Here's a first: The opportunity to pick your own monarch.
Remove Ads.
Support Sporcle.
Get the best of Sporcle when you Go Orange. This ad-free experience offers more features, more stats, and more fun while also helping to support Sporcle. Thank you for becoming a member.

Show Comments

Extras

Top Quizzes Today


Score Distribution

Your Account Isn't Verified!

In order to create a playlist on Sporcle, you need to verify the email address you used during registration. Go to your Sporcle Settings to finish the process.

Report this User

Report this user for behavior that violates our Community Guidelines.

Details: